000 00402nam a2200169Ia 4500
001 19631
005 20260306172707.0
008 260306t9999||||xx |||||||||||||| ||spa||
041 _aESP
082 _a340.7
_bM26
100 _aMartínez Calvo, Javier
_eAUT
245 0 _aAprendizaje a través del debate jurídico
300 _a
_c
650 _aGEN
654 _aCDE
942 _cLIB
_dJUS
_fJUS
_2ddc
_n
999 _c19631
_d19631